000 01611nam0a22003011 4500
001 v19\rc\1913603
005 20251118180608.6
035 _a(NLR Aleph) 005001540
090 _a6391846
_c6391846
100 _a20080404d1911 |||y0rusy50 ca
101 1 _arus
_cger
102 _aRU
105 _aa g |||||
200 1 _aКарманный справочник по фотографии
_eРуководство для любителей
_eПер. с 21/22 нем. изд.
_fД-р Э. Фогель
_gОбраб. П. Ганнеке
_gПод общ. ред. и с доп. Ю.К. Лауберта
210 _aМосква
_cт-во И.Д. Сытина
_d1911
215 _aVIII, 328 с., 140 ил., 16 л. ил.
_d17
311 _aФогель, Эрнст, Лауберт, Ю. К.. Приложение к Карманному справочнику по фотографии Э. Фогеля и Ю.К. Лауберта, [191-?] (шифр: 38.58.3.22)
421 0 _11011#$arus$cger
_12001#$aПриложение к Карманному справочнику по фотографии Э. Фогеля и Ю.К. Лауберта
_1210##$d[191-?]
_1215##$a[1] с., 23 л. ил.
_1700#1$aФогель$bЭ.$gЭрнст
_1701#1$aЛауберт$bЮ.К.
_1899##$aNLR$j38.58.3.22
_1899##$aRuMoRGB$jU 84/398
700 1 _aФогель
_bЭ.
_gЭрнст
702 1 _aГаннеке
_bП.
_4570
702 1 _aЛауберт
_bЮ. К.
_4340
801 0 _aRU
_bNLR
_gpsbo
801 0 _aRU
_bRuMoRGB
_2psbo
801 1 _aRU
_bProSoft-M
_2rusmarc
852 _aNLR
_j38.58.3.22
899 _aRuMoRGB
_jU 84/398
942 _cBOOK
980 _aNB